Das Urbild der Menschheit / (Record no. 156677)

MARC details
000 -LEADER
campo de control de longitud fija 00564nam a22001695i 4500
001 - NÚMERO DE CONTROL
campo de control 156677
003 - IDENTIFICADOR DE NÚMERO DE CONTROL
campo de control ES-MaACL
005 - FECHA Y HORA DE LA ÚLTIMA TRANSACCIÓN
campo de control 20230906210454.0
008 - DATOS DE LONGITUD FIJA--INFORMACIÓN GENERAL
campo de control de longitud fija 040803s1851 gw |||| | ger d
040 ## - FUENTE DE CATALOGACIÓN
Centro catalogador/agencia de origen CAM
Lengua de catalogación spa
Centro/agencia transcriptor CAM
100 1# - ENTRADA PRINCIPAL--NOMBRE DE PERSONA
Nombre de persona Krause, Karl Christian Friedrich.
9 (RLIN) 68762
245 10 - MENCIÓN DEL TÍTULO
Título Das Urbild der Menschheit /
Mención de responsabilidad, etc. Ein Versuch von Karl Christian Friedrich Krause.
250 ## - MENCION DE EDICION
Mención de edición 2. unveränderte Ausg.
260 ## - PUBLICACIÓN, DISTRIBUCIÓN, ETC.
Lugar de publicación, distribución, etc. Göttingen :
Nombre del editor, distribuidor, etc. in der Dieterichschen Buchjandlung,
Fecha de publicación, distribución, etc. 1851.
300 ## - DESCRIPCIÓN FÍSICA
Extensión XV, 336 p. ;
Dimensiones 21 cm.
852 ## - LOCALIZACIÓN
Ubicación ES-MaACL
Número de control de estantería G-2883
Nota libre -- Enc. hol.
Holdings
Estatus retirado Estado de pérdida Estado de daño No para préstamo Colección Biblioteca de origen Biblioteca actual Ubicación en estantería Fecha de adquisición Fuente de adquisición Total de préstamos Signatura topográfica completa Código de barras Visto por última vez Precio de reemplazo Tipo de ítem Koha
        Libros del s. XIX Biblioteca del Ateneo de Madrid Biblioteca del Ateneo de Madrid Depósito 2 17/01/2008     G-2883 1163921 23/02/2023 23/02/2023 Libro impreso antiguo